[Event "Stepan Avagyan Mem 2024"]
[Site "Jermuk ARM"]
[Date "2024.06.16"]
[Round "7.3"]
[White "Murzin, Volodar"]
[Black "Sevian, Samuel"]
[Result "1/2-1/2"]
[WhiteTitle "GM"]
[BlackTitle "GM"]
[WhiteElo "2650"]
[BlackElo "2687"]
[WhiteFideId "44155573"]
[BlackFideId "2040506"]
[EventDate "2024.06.10"]

1. e4 e6 2. d4 d5 3. e5 c5 4. c3 Nc6 5. Nf3 Bd7 6. Be2 Rc8 7. O-O h6 8. dxc5
Bxc5 9. Nbd2 Nge7 10. Nb3 Bb6 11. Bd3 O-O 12. Bf4 f6 13. exf6 Rxf6 14. Bg3 Be8
15. Ne5 Nf5 16. Nxc6 bxc6 17. Be5 Rf7 18. Qg4 Qg5 19. Qxg5 hxg5 20. c4 c5 21.
Rac1 Rd8 22. Rfe1 Ba4 23. Nd2 dxc4 24. Bxf5 exf5 25. Nxc4 Re7 26. h3 Bb5 1/2-1/2

[Event "Stepan Avagyan Mem 2024"]
[Site "Jermuk ARM"]
[Date "2024.06.16"]
[Round "7.4"]
[White "Petrosyan, Manuel"]
[Black "Tabatabaei, M. Amin"]
[Result "1/2-1/2"]
[WhiteTitle "GM"]
[BlackTitle "GM"]
[WhiteElo "2625"]
[BlackElo "2713"]
[WhiteFideId "13300857"]
[BlackFideId "12521213"]
[EventDate "2024.06.10"]

1. e4 e6 2. d4 d5 3. e5 c5 4. c3 Nc6 5. Nf3 Bd7 6. Be2 Nge7 7. Na3 cxd4 8. cxd4
Nf5 9. Nc2 Be7 10. Bd3 f6 11. O-O O-O 12. Bxf5 exf5 13. Bf4 g5 14. exf6 Bxf6 15.
Bd6 Re8 16. Re1 Re4 17. Qd3 Be8 18. Be5 Be7 19. Ne3 Qd7 20. h3 h5 21. Nd2 f4 22.
Nc2 Rxe1+ 23. Rxe1 Qe6 24. Qb3 Bg6 25. Qxb7 Qc8 26. Qb3 Qd7 27. Re2 Rf8 28. f3
a5 29. Ne1 Nxe5 30. dxe5 Bc5+ 31. Kh1 a4 32. Qd1 Bf5 33. Nf1 Ba7 34. e6 Bxe6 35.
Re5 Rf5 36. Qe2 Kf7 37. g4 Rxe5 38. Qxe5 Qb5 39. Qc7+ Ke8 40. Nh2 Bb6 41. Qd6
Kf7 42. gxh5 a3 43. bxa3 Ba5 44. Ng4 Bxg4 45. hxg4 Qf1+ 46. Kh2 Bxe1 1/2-1/2

[Event "Stepan Avagyan Mem 2024"]
[Site "Jermuk ARM"]
[Date "2024.06.16"]
[Round "7.5"]
[White "Hovhannisyan, Robert"]
[Black "Sargsyan, Shant"]
[Result "1/2-1/2"]
[WhiteTitle "GM"]
[BlackTitle "GM"]
[WhiteElo "2611"]
[BlackElo "2639"]
[WhiteFideId "13302507"]
[BlackFideId "13306766"]
[EventDate "2024.06.10"]

1. e4 e6 2. d4 d5 3. Nc3 Nf6 4. Bg5 dxe4 5. Nxe4 Be7 6. Nxf6+ Bxf6 7. Bxf6 Qxf6
8. Nf3 O-O 9. Qe2 Rd8 10. O-O-O Bd7 11. h4 Bc6 12. Ne5 Nd7 13. Nxc6 bxc6 14. Rh3
c5 15. c3 cxd4 16. Rxd4 c5 17. Rd2 Nb6 18. Qf3 Qe7 19. Rxd8+ Rxd8 20. Qe4 Rd5
21. Rd3 f5 22. Qf4 Kf7 23. g3 h6 24. Rxd5 Nxd5 25. Qe5 Qf6 26. Qd6 Qe7 27. Qe5
Qf6 28. Qb8 Qe7 29. Bc4 Nf6 30. f3 g6 31. Qe5 Ne8 32. h5 Ng7 33. hxg6+ Kxg6 34.
Kc2 Qb7 35. Qe2 Qc6 36. g4 Qd6 37. a4 a5 38. Kb3 h5 39. gxh5+ Kxh5 40. f4+ Kg6
41. Qg2+ Kf6 42. Qa8 Qc7 43. Bb5 Kf7 44. Qf3 Ke7 45. Kc4 Qd6 46. Bc6 Nh5 47.
Qxh5 Qxc6 48. Qg5+ Kf7 49. Qh5+ Ke7 50. Qg5+ Kf7 51. Qh5+ 1/2-1/2

[Event "Stepan Avagyan Mem 2024"]
[Site "Jermuk ARM"]
[Date "2024.06.17"]
[Round "8.1"]
[White "Martirosyan, Haik M."]
[Black "Sargsyan, Shant"]
[Result "1/2-1/2"]
[WhiteTitle "GM"]
[BlackTitle "GM"]
[WhiteElo "2662"]
[BlackElo "2639"]
[WhiteFideId "13306553"]
[BlackFideId "13306766"]
[EventDate "2024.06.10"]

1. e4 e5 2. Nf3 Nc6 3. Bb5 a6 4. Ba4 Nf6 5. O-O Be7 6. Bxc6 dxc6 7. d3 Nd7 8.
Be3 O-O 9. Nc3 a5 10. a4 Re8 11. Ne2 Bd6 12. Nd2 Nf8 13. Qe1 Ne6 14. Nc4 Qh4 15.
g3 Qh5 16. f4 exf4 17. gxf4 f5 18. Ng3 Qg4 19. Qd1 Qxd1 20. Raxd1 Nc5 21. Bxc5
Bxc5+ 22. d4 Bd6 23. exf5 Rf8 24. Ne3 b5 25. b3 bxa4 26. bxa4 Rb8 27. Ne4 Ba6
28. Rfe1 Bxf4 29. d5 Bxe3+ 30. Rxe3 cxd5 31. Rxd5 Rb1+ 32. Kf2 Rxf5+ 33. Rxf5
Rf1+ 34. Kg3 Rxf5 35. Rc3 Bb7 36. Nd2 Rg5+ 37. Kf4 Rg2 38. Nb3 Bd5 39. h3 Bxb3 1/2-1/2

[Event "Stepan Avagyan Mem 2024"]
[Site "Jermuk ARM"]
[Date "2024.06.17"]
[Round "8.2"]
[White "Tabatabaei, M. Amin"]
[Black "Hovhannisyan, Robert"]
[Result "1/2-1/2"]
[WhiteTitle "GM"]
[BlackTitle "GM"]
[WhiteElo "2713"]
[BlackElo "2611"]
[WhiteFideId "12521213"]
[BlackFideId "13302507"]
[EventDate "2024.06.10"]

1. d4 d5 2. Nf3 Nf6 3. e3 c5 4. Be2 Nc6 5. O-O cxd4 6. exd4 Bg4 7. c3 e6 8. Bf4
Bxf3 9. Bxf3 Bd6 10. Bxd6 Qxd6 11. Nd2 O-O 12. Be2 Qc7 13. Re1 Rfe8 14. g3 a6
15. a4 g6 16. Nb3 Kg7 17. Bf1 h5 18. h4 e5 19. dxe5 Rxe5 20. Rxe5 Nxe5 21. Bg2
Re8 22. a5 Nc4 23. Qc2 Re5 24. Bf3 Qd8 25. Nc5 Rf5 26. Qe2 Re5 27. Qc2 Rf5 28.
Qe2 Re5 29. Qd1 Nxb2 30. Qb3 Qe7 31. Qxb7 Qxc5 32. Qxb2 Ne4 33. Rc1 Kh7 34. Kg2
Re7 35. Qb6 Rc7 36. c4 Nxf2 37. Qxc5 Rxc5 38. Kxf2 dxc4 39. Be2 c3 40. Bxa6 Rxa5
41. Bc4 Rc5 42. Rxc3 Kg7 43. Ke3 Rc7 44. Kd4 Kf6 45. Rf3+ Kg7 46. Bd5 Kf8 47.
Ke5 Kg7 48. Kd6 Ra7 49. Rf2 Kf8 50. Bc4 Kg7 51. Rf3 Kf8 52. Re3 Kg7 53. Bb5 Kf8
54. Bd7 Ra6+ 55. Bc6 Ra7 56. Rb3 Kg7 57. Bb7 Kf8 58. Kc7 Ra1 59. Bd5 Ra7+ 60.
Kd8 Ra6 61. Rd3 Ra5 62. Bb7 Re5 63. Bc6 Re6 64. Kc7 Re7+ 65. Bd7 Re1 66. Rf3 Re2
67. Ba4 Re4 68. Bb5 Re5 69. Bd3 Re7+ 70. Kd6 Ra7 71. Kc5 Kg7 72. Kc6 Ra3 73. Kc5
Rc3+ 74. Kd4 Ra3 75. Rf4 Ra4+ 76. Ke5 Ra3 77. Rd4 Ra5+ 78. Kf4 Ra7 79. Bb5 Rb7
80. Rd5 Rb6 81. g4 Rf6+ 82. Kg3 hxg4 83. Bd3 Rf3+ 84. Kxg4 Rf2 85. Ra5 Rf6 86.
Ra7 Kh6 87. Bc4 Kg7 88. Ra5 Rf5 89. Ra7 Rf6 90. h5 gxh5+ 91. Kxh5 Rf4 92. Bd3
Rf3 93. Rd7 Rf2 94. Kg4 Kf8 95. Be4 Kg7 96. Bf3 Rf1 97. Kg3 Kf6 98. Kg2 Re1 99.
Kg3 Re7 100. Rd4 Re5 101. Bg4 Re1 102. Rd6+ Ke5 103. Ra6 Re3+ 104. Kh4 Re1 105.
Kg5 f6+ 106. Rxf6 Ra1 107. Rf5+ Ke4 108. Rf8 Ke5 109. Re8+ Kd5 110. Bf3+ Kd4
111. Kf4 Rf1 112. Rd8+ Kc5 113. Rd2 Rg1 114. Be4 Rg7 115. Bd5 Re7 116. Kf5 Rh7
117. Be6 Rh1 118. Re2 Kd6 119. Rd2+ Kc5 120. Kf6 Rf1+ 121. Ke7 Rf4 122. Rd5+ Kb4
123. Kd6 Kc3 124. Ke5 Rh4 125. Rc5+ Kb4 126. Rc8 Rh5+ 127. Kd6 Rh4 128. Bd5 Rh6+
129. Ke5 Rh5+ 130. Kd4 Rh4+ 131. Be4 Rg4 132. Rh8 Kb5 133. Rb8+ Ka4 134. Kd5 Ka3
135. Bd3 Rb4 136. Rh8 Rg4 137. Bc4 Kb4 138. Rb8+ Kc3 139. Rb3+ Kc2 140. Rh3 Rg8
141. Kc5 Rd8 142. Bd5 Kd2 143. Kd4 Rd7 144. Rh2+ Kd1 145. Ke4 Kc1 146. Bc4 Rd2
147. Rh1+ Kc2 148. Rh3 Rd8 149. Bb3+ Kd2 150. Bd5 Re8+ 151. Kd4 Rd8 152. Rg3 Rd7
153. Rg4 Rd8 154. Rg8 Rxg8 155. Bxg8 1/2-1/2

[Event "Stepan Avagyan Mem 2024"]
[Site "Jermuk ARM"]
[Date "2024.06.17"]
[Round "8.3"]
[White "Sevian, Samuel"]
[Black "Petrosyan, Manuel"]
[Result "1/2-1/2"]
[WhiteTitle "GM"]
[BlackTitle "GM"]
[WhiteElo "2687"]
[BlackElo "2625"]
[WhiteFideId "2040506"]
[BlackFideId "13300857"]
[EventDate "2024.06.10"]

1. d4 Nf6 2. c4 e6 3. Nc3 Bb4 4. g3 c5 5. dxc5 Na6 6. Bg2 Nxc5 7. Bd2 O-O 8. Nf3
b6 9. Ne5 Bb7 10. Bxb7 Nxb7 11. O-O Rc8 12. Qa4 Bxc3 13. Bxc3 Nc5 14. Qa3 Nfe4
15. Bd4 f6 16. Nf3 a5 17. Rfd1 Qc7 18. Rab1 Rfd8 19. Be3 Qb7 20. Rbc1 d5 21.
cxd5 Rxd5 22. Rxd5 Qxd5 23. b4 axb4 24. Qxb4 Qd8 25. Nd4 h6 26. Nxe6 Nxe6 27.
Rxc8 Qxc8 28. Qxe4 b5 29. Qd5 Qe8 30. g4 Kh8 31. h4 Nf8 32. Kg2 Ng6 33. Kh3 Qc8
34. Qf5 Qe8 35. Qd5 Qc8 36. Qf5 Qe8 37. Kg3 Ne5 38. Bd4 Nc4 39. e3 Qa8 40. f3
Qxa2 41. g5 Nd6 42. Qg6 hxg5 43. hxg5 Qf7 44. Qxf7 Nxf7 45. gxf6 g6 46. Kf4 Kg8
47. Ke4 Ng5+ 48. Kd5 Kf7 49. f4 Nh7 50. e4 Nf8 51. e5 Ne6 52. Be3 Nf8 53. Kc5
Ne6+ 54. Kxb5 Nf8 55. Kc5 Ne6+ 56. Kd6 Nf8 57. Kd5 Ne6 58. Ke4 Ke8 59. Bd2 Kf7
60. Ba5 Nc5+ 61. Kf3 Ne6 62. Bb6 Ke8 63. Ke4 Kf7 64. f5 gxf5+ 65. Kxf5 Nf8 66.
Be3 Ne6 67. Ke4 Nf8 68. Bh6 Ne6 69. Kd5 Nc7+ 70. Kc6 Ne6 71. Kd6 Nd4 72. Be3 Ne6
73. Kd7 1/2-1/2

[Event "Stepan Avagyan Mem 2024"]
[Site "Jermuk ARM"]
[Date "2024.06.17"]
[Round "8.5"]
[White "Bluebaum, Matthias"]
[Black "Deac, Bogdan-Daniel"]
[Result "1/2-1/2"]
[WhiteTitle "GM"]
[BlackTitle "GM"]
[WhiteElo "2647"]
[BlackElo "2680"]
[WhiteFideId "24651516"]
[BlackFideId "1226380"]
[EventDate "2024.06.10"]

1. d4 Nf6 2. Nf3 d5 3. e3 a6 4. h3 c5 5. Be2 Nc6 6. O-O Qc7 7. b3 cxd4 8. exd4
g6 9. c4 Bg7 10. Nc3 O-O 11. Bg5 e6 12. Qd3 h6 13. Bxf6 dxc4 14. Qxc4 Bxf6 15.
d5 Bxc3 16. Qxc3 exd5 17. Qd2 Kg7 18. Qxd5 Qe7 19. Nd4 Bd7 20. Bg4 Be8 21. Nxc6
Bxc6 22. Qd4+ Qf6 23. Qxf6+ Kxf6 24. Rac1 Rad8 25. Rc3 Rd2 26. Bf3 Rxa2 27. Bxc6
bxc6 28. Rxc6+ Kg7 29. Rfc1 Rb8 30. R1c3 Ra3 31. Rf3 Rb7 32. h4 a5 33. Ra6 h5
34. g3 Raxb3 35. Rxb3 Rxb3 36. Rxa5 1/2-1/2

[Event "Stepan Avagyan Mem 2024"]
[Site "Jermuk ARM"]
[Date "2024.06.18"]
[Round "9.1"]
[White "Deac, Bogdan-Daniel"]
[Black "Martirosyan, Haik M."]
[Result "1/2-1/2"]
[WhiteTitle "GM"]
[BlackTitle "GM"]
[WhiteElo "2680"]
[BlackElo "2662"]
[WhiteFideId "1226380"]
[BlackFideId "13306553"]
[EventDate "2024.06.10"]

1. Nf3 d5 2. d4 Nf6 3. c4 e6 4. Nc3 Nbd7 5. Bf4 dxc4 6. e3 b5 7. Nxb5 Bb4+ 8.
Nc3 Nd5 9. a3 Nxc3 10. Qd2 Bxa3 11. Qxc3 Bd6 12. Bg3 Qe7 13. Bxd6 cxd6 14. Bxc4
O-O 15. O-O Bb7 16. Be2 Rfc8 17. Qa3 Nb6 18. Rfd1 Nc4 19. Qa2 Bxf3 20. Bxf3 d5
21. Be2 g6 22. Bxc4 Rxc4 23. b3 Rc7 24. Rdc1 Rac8 25. Rxc7 Rxc7 26. Qa5 h5 27.
h3 Kg7 28. Qa3 Qxa3 1/2-1/2

[Event "Stepan Avagyan Mem 2024"]
[Site "Jermuk ARM"]
[Date "2024.06.18"]
[Round "9.2"]
[White "Murzin, Volodar"]
[Black "Bluebaum, Matthias"]
[Result "1/2-1/2"]
[WhiteTitle "GM"]
[BlackTitle "GM"]
[WhiteElo "2650"]
[BlackElo "2647"]
[WhiteFideId "44155573"]
[BlackFideId "24651516"]
[EventDate "2024.06.10"]

1. Nf3 d5 2. g3 Nf6 3. Bg2 c5 4. O-O g6 5. c4 Bg7 6. cxd5 Nxd5 7. d4 cxd4 8.
Nxd4 O-O 9. Nc3 Nxc3 10. bxc3 a6 11. Rb1 Qc7 12. Qb3 Nd7 13. Ba3 Ne5 14. Qb4 Re8
15. Qc5 Qxc5 16. Bxc5 Nd7 17. Ba3 e5 18. Nc2 e4 19. Ne3 Nf6 20. c4 b5 21. Bb2
Rb8 22. cxb5 Rxb5 23. Nc4 Rd5 24. Nb6 Rd2 25. Nxc8 Rxc8 26. Bxf6 Bxf6 27. Bxe4
Rxa2 28. Bd5 Rxe2 29. Bb7 Rcc2 30. Bxa6 Red2 31. Rbd1 Bd4 32. Rxd2 Rxd2 33. Kg2
f5 34. Kf3 Kg7 35. Be2 g5 36. Rd1 g4+ 37. Kg2 Rxd1 1/2-1/2

[Event "Stepan Avagyan Mem 2024"]
[Site "Jermuk ARM"]
[Date "2024.06.18"]
[Round "9.4"]
[White "Hovhannisyan, Robert"]
[Black "Sevian, Samuel"]
[Result "1/2-1/2"]
[WhiteTitle "GM"]
[BlackTitle "GM"]
[WhiteElo "2611"]
[BlackElo "2687"]
[WhiteFideId "13302507"]
[BlackFideId "2040506"]
[EventDate "2024.06.10"]

1. e4 c5 2. Nf3 Nc6 3. d4 cxd4 4. Nxd4 Nf6 5. Nc3 d6 6. Bg5 e6 7. Qd2 a6 8.
O-O-O Bd7 9. Nxc6 Bxc6 10. f3 Be7 11. Kb1 Qc7 12. h4 Rd8 13. Bd3 d5 14. exd5
Nxd5 15. Nxd5 Rxd5 16. Bxe7 Qxe7 17. Qe2 O-O 18. Qe4 Rh5 19. Qg4 1/2-1/2